LEADER 01214nam a2200289 a 4500 001 000000130551 003 CaOOAMICUS 005 20121001120722.0 008 121001s2005 it u000 u ita r 020 $a88-17-00534-7 040 $aPUL$bita 100 1 $aAndreoli, Vittorino.$0(OLS)http://pul/name/35063 245 10$aDietro lo specchio :$brealtą e sogni dell'uomo di oggi /$cVittorino Andreoli. 260 $aMilano :$bBUR ;$aMilano :$bR.C.S. Libri,$c©2005. 300 $a190 p. ;$c20 cm 490 1 $aSaggi 650 4$aUomo (psichiatria).$0(OLS)http://pul/subject/29396 830 0$aSaggi (BUR).$0(OLS)http://pul/title/142716 850 $aPUL 852 $aPUL$W1$xDP1 Fondo E. Rossi$y115$m1 A 39$j41531$aCollocazione ms. sul dorso di E. Rossi: A 35 3$qFondi$B149673$CPULBib$Z2$F149673 $82 941 1 $a1 961 $aCollocazione ms. sul dorso di E. Rossi: A 35 3. 996 $6020$a88-17-00534-7$9(OLS)http://pul/number/150629 996 $6245$aDietro lo specchio :$brealtą e sogni dell'uomo di oggi$9(OLS)http://pul/title/164999 996 $6260$aMilano :$bBUR$9(OLS)http://pul/publisher/70068 996 $6260$aMilano :$bR.C.S. Libri$9(OLS)http://pul/publisher/74600 LEADER 01243nam a2200313 a 4500 001 000000134687 003 CaOOAMICUS 005 20130628105639.0 008 130628s2006 it u000 u ita r 020 $a88-424-9235-3 040 $aPUL$bita 041 1 $aita$heng 100 1 $aSennett, Richard,$d1943-$0(OLS)http://pul/name/42613 240 10$aFall of public man.$lItaliano.$0(OLS)http://pul/title/170317 245 13$aIl declino dell'uomo pubblico /$cRichard Sennett. 260 $aMilano :$bBruno Mondadori,$c©2006. 300 $aX, 420 p. ;$c21 cm 490 1 $aSintesi 504 $aBibliografia in nota. 650 4$aIndividuo e societą$ySec. XIX-XX.$0(OLS)http://pul/subject/39703 830 0$aSintesi (Bruno Mondadori).$0(OLS)http://pul/title/64782 850 $aPUL 852 $aPUL$W1$xDP1 Fondo E. Rossi$y115$m1 S 72$j154896$qFondi$q $B154446$CPULBib$Z2$F154446 $Hnull $81 941 1 $a1 961 $aSul dorso collocazione ms. di E. Rossi: S 26 0 996 $6020$a88-424-9235-3$9(OLS)http://pul/number/153160 996 $6245$aIl declino dell'uomo pubblico$9(OLS)http://pul/title/170318 996 $6260$aMilano :$bBruno Mondadori$9(OLS)http://pul/publisher/60338 LEADER 01420nam a2200349 a 4500 001 000000124621 003 CaOOAMICUS 005 20180221114956.0 008 110309s2010 it a u100 u ita r 020 $a978-88-7105-287-8 032 $aLibriCat 040 $aPUL$bita 082 04$a111 245 00$aEsterioritą di Dio :$bla fede nell'epoca della "perdita del mondo" /$cPierangelo Sequeri (ed.) 260 $aMilano :$bGlossa,$c©2010. 300 $aXIX, 255 p. :$bill. ;$c21 cm 490 1 $aAesthetica ;$v5 504 $aComprende riferimenti bibliografici. 650 4$aCristologia.$0(OLS)http://pul/subject/1402 650 4$aFede.$0(OLS)http://pul/subject/668 700 1 $aSequeri, Pierangelo,$csacerdote,$d1944-$0(OLS)http://pul/name/26510 830 0$aAesthetica (Glossa) ;$v5.$0(OLS)http://pul/title/205806 850 $aPUL 852 $aPUL$W1$xSL Filosofia 3$y81$m111 SEQPI 1$j143507$qDDC 21$B142536$CPULBib$Z2$F142536 $H115883 $82 941 1 $a9 960 $aIesus Christus$91402 960 $aIesus Christus$91402 996 $6020$a978-88-7105-287-8$9(OLS)http://pul/number/146630 996 $6082$a111$9(OLS)http://pul/classification/142 996 $6245$aEsterioritą di Dio :$bla fede nell'epoca della "perdita del mondo"$9(OLS)http://pul/title/157095 996 $6260$aMilano :$bGlossa$9(OLS)http://pul/publisher/53656